Average is over powering America beyond the age of the great stagnation
Salvato in:
| Autore principale: | |
|---|---|
| Natura: | Libro |
| Lingua: | inglese |
| Pubblicazione: |
New York
Dutton
2013
|
| Soggetti: | |
| Tags: |
Nessun Tag, puoi essere il primo ad aggiungerne!!
|
MARC
| LEADER | 00000nam a2200000 4500 | ||
|---|---|---|---|
| 001 | 0186378 | ||
| 005 | 20240306140203.7 | ||
| 020 | |a 978-0-525-95373-9 | ||
| 041 | 0 | |a eng | |
| 044 | |a US | ||
| 245 | 1 | 0 | |a Average is over |b powering America beyond the age of the great stagnation |c Tyler Cowen |
| 264 | 1 | |a New York |b Dutton |c 2013 | |
| 300 | |a xii, 290 s. | ||
| 610 | 2 | 0 | |a predvídanie |
| 610 | 2 | 0 | |a podmienky hospodárske |
| 610 | 2 | 0 | |a politika hospodárska |
| 610 | 2 | 0 | |a vzdelávanie |
| 610 | 2 | 0 | |a USA |
| 100 | 1 | |a Cowen, Tyler | |